000 00643cam a2200229 4500500
005 20260405001311.0
041 _afre
042 _adc
100 1 0 _aDuru, Martin
_eauthor
245 0 0 _aSplendeurs et misères de la vie conjugale
260 _c2012.
500 _a19
690 _aBeauvoir
690 _aCavell
690 _aCouple
690 _aDiogène
690 _aFourier
690 _aSchopenhauer
690 _aStoïciens
786 0 _nPhilosophie magazine | 61 | 7 | 2012-07-01 | p. 51-55 | 1951-1787
856 4 1 _uhttps://shs.cairn.info/magazine-philosophie-magazine-2012-7-page-51?lang=fr&redirect-ssocas=7080
999 _c2046130
_d2046130